Historia de la Iglesia en la América española : (Record no. 171291)

MARC details
000 -LEADER
campo de control de longitud fija 00872nam a2200205 i 4500
001 - NÚMERO DE CONTROL
campo de control 171291
003 - IDENTIFICADOR DE NÚMERO DE CONTROL
campo de control ES-MaACL
005 - FECHA Y HORA DE LA ÚLTIMA TRANSACCIÓN
campo de control 20250808000700.0
008 - DATOS DE LONGITUD FIJA--INFORMACIÓN GENERAL
campo de control de longitud fija 090508s1966 sp |||| | spa d
080 ## - NÚMERO DE LA CLASIFICACIÓN DECIMAL UNIVERSAL
Número de la Clasificación Decimal Universal 282(8.03)
100 1# - ENTRADA PRINCIPAL--NOMBRE DE PERSONA
Nombre de persona Egaña, Antonio de.
9 (RLIN) 140065
245 10 - MENCIÓN DEL TÍTULO
Título Historia de la Iglesia en la América española :
Resto del título : desde el descubrimiento hasta comienzos del siglo XIX : hemisferio sur /
Mención de responsabilidad, etc. por Antonio de Egaña.
260 ## - PUBLICACIÓN, DISTRIBUCIÓN, ETC.
Lugar de publicación, distribución, etc. Madrid :
Nombre del editor, distribuidor, etc. La Editorial Católica,
Fecha de publicación, distribución, etc. 1966.
300 ## - DESCRIPCIÓN FÍSICA
Extensión XIII, 1126 p., XXXII p. de lám. :
Otras características físicas il. ;
Dimensiones 20 cm.
490 1# - MENCIÓN DE SERIE
Mención de serie Biblioteca de autores cristianos. Sección V, historia y hagiografía ;
Designación de volumen o secuencia 256
651 #4 - PUNTO DE ACCESO ADICIONAL DE MATERIA--NOMBRE GEOGRÁFICO
Nombre geográfico América española-
Subdivisión general Historia eclesiástica.
9 (RLIN) 166237
830 10 - PUNTO DE ACCESO ADICIONAL DE SERIE-TÍTULO UNIFORME
Título uniforme Biblioteca de autores cristianos.
Nombre de parte o sección de la obra Historia y hagiografía
Designación de volumen o secuencia 256
9 (RLIN) 223165
852 4# - LOCALIZACIÓN
Ubicación ES-MaACL
Número de control de estantería J-251
Holdings
Estatus retirado Estado de pérdida Estado de daño No para préstamo Biblioteca de origen Biblioteca actual Ubicación en estantería Fecha de adquisición Fuente de adquisición Total de préstamos Signatura topográfica completa Código de barras Visto por última vez Precio de reemplazo Tipo de ítem Koha
        Biblioteca del Ateneo de Madrid Biblioteca del Ateneo de Madrid Depósito 2 08/05/2009     J-251 1179759 23/02/2023 23/02/2023 Libro impreso